000 00558pam a2200217 4500
001 2204416
005 20180213081115.0
008 740226s1974 nyua b 001 0 eng
010 _a 74003281
020 _a0471700452
040 _aDLC
_cDLC
_dDLC
041 _aeng
080 _a001.6424 ALA
082 0 0 _a001.6424 ALA
100 1 _a28
101 _aSHK
245 1 4 _aThe GASP IV simulation language
_c[by] A. Alan B. Pritsker.
504 _aBibliography: p. 420-426.
906 _a7
_bcbc
_corignew
_d1
_eocip
_f19
_gy-gencatlg
942 _2ddc
_cBK
999 _c42403
_d42403